Представление документа в формате MARC21

Поле Инд. ПП Название Значение
Тип записи a
Библиографический уровень m
001 Контрольный номер RU/IS/BASE/314970907
005 Дата корректировки 20150513113620.4
020 a ISBN 978-5-7677-1326-4
c Цена, тираж 40.00
040 a Служба первич. каталог. НБ ТвГУ
b Код языка каталог. rus
e Правила каталог. PSBO
041 0_ a Код языка текста rus
080 a Индекс УДК 004(082)
084 a Индекс другой классификации/Индекс ББК З81я5
090 a Полочн. индекс З81
x Авторский знак К 63
098 d Инвентарный ОРК 950260
245 10 a Заглавие Компьютерные технологии и моделирование
b Продолж. заглавия сборник научных трудов
c Ответственность М-во образования и науки Рос. Федерации, Федер. агентство по образованию, ФГОУ ВПО "Чуваш. гос. ун-т им. И. Н. Ульянова" ; [отв. ред. В. П. Желтов]
n Номер части/ раздела Вып. 5
260 a Место издания Чебоксары
b Издательство Чувашский государственный университет
c Дата издания 2009
300 a Объем 63 с.
b Иллюстрации/ тип воспроизводства ил., табл.
c Размеры 20 см.
504 a Библиография Библиогр. в конце ст.
520 0_ a Аннотация Содержит математические модели и алгоритмы обработки языка и речи. Представлены алгоритмы анализа сетей Петри. Для научных работников, аспирантов и студентов старших курсов.
653 0_ a Ключевые слова Информационные технологии
a Ключевые слова Компьютерные технологии
a Ключевые слова Компьютеры
a Ключевые слова Математическое моделирование
a Ключевые слова Моделирование
a Ключевые слова Обработка речи
a Ключевые слова Обработка языка
a Ключевые слова Сети Петри
700 12 a Другие авторы Желтов Валериан Павлович
e Роль лиц отв. ред.
q Полное имя Желтов В. П.
901 t Тип документа m
920 a Оператор Густ
930 a Новая/Ретро сборники
952 c Вид литературы К рн
954 a Дата поступления на обработку 20100513
999 a Подразделение 2 Фил.3